000 00507nam a2200145 i 4500
001 146380
003 ES-MaACL
007 t|
008 070907s1922 fr ||||1| fre d
100 1 _aTribot Laspière, Jean.
_9111390
245 1 0 _aConstruction & explotation des grands régeaux de transport d'energie electrique a très haute tension compte rendu des travaux /
_cétabli par Jean Tribot Laspière.
260 _aParis :
_b[Chaix],
_c1922.
300 _a1176 p. ;
_c25 cm.
852 _aES-MaACL
_jB-4409
999 _c146380
_d146380